00277nam a2200097Ia 4500008004100000041000800041082001200049100000900061245004500070260006400115240624s9999 xx 000 0 und d aeng a309 ICF aICFP aRETIREMENT PLANNING AND EMPLOYEE BENEFIT c2009aBenefitsbInternational College of Financial Planning